Normal view
MARC view
- FORTESEUE, JOHN
Entry Personal Name
001 - CONTROL NUMBER
- control field: 57633
003 - CONTROL NUMBER IDENTIFIER
- control field: NUST
005 - DATE AND TIME OF LATEST TRANSACTION
- control field: 20210628201950.0
008 - FIXED-LENGTH DATA ELEMENTS
- fixed length control field: 210628|| aca||aabn | a|a d
040 ## - CATALOGING SOURCE
- Original cataloging agency: NUST
- Transcribing agency: NUST
100 ## - HEADING--PERSONAL NAME
- Personal name: FORTESEUE, JOHN
670 ## - SOURCE DATA FOUND
- Source citation: Work cat.: (NUST): FORTESEUE, JOHN, THE EMPIRE AND THE ARMY, 1930
